MARC

LEADER 00000nam0a2200000 4500
001 61371
005 20231101211936.0
035 |a (RuTPU)RU\TPU\book\64953 
090 |a 61371 
100 |a 20040312d1980 k y0rusy50 ca 
101 0 |a rus 
102 |a RU 
105 |a y z 001zy 
200 1 |a Субъект, объект, познание  |f В. А. Лекторский 
210 |a Москва  |c Наука  |d 1980 
215 |a 359 с. 
320 |a Библиогр.: с. 332-350 
320 |a Именной указатель: с. 351-355 
606 1 |a Субъект и объект  |x Философия  |x В научном познании  |2 stltpush  |3 (RuTPU)RU\TPU\subj\57994  |9 75837 
606 1 |a Теория познания  |x Философия  |2 stltpush  |3 (RuTPU)RU\TPU\subj\59493  |9 77015 
610 1 |a философия 
610 1 |a диалектический материализм 
610 1 |a познание 
610 1 |a научное познание 
610 1 |a рефлексия 
610 1 |a самосознание 
610 1 |a знания 
610 1 |a марксистский подход 
686 |a Ю22  |v LBC/SL-A  |2 rubbk 
686 |a Ю223.3  |2 rubbk 
700 1 |a Лекторский  |b В. А.  |g Владислав Александрович 
712 0 2 |a Академия наук СССР  |b Институт философии (ИФ АН СССР)  |2 stltpush  |3 (RuTPU)RU\TPU\col\11338 
801 1 |a RU  |b 63413507  |c 20040312  |g PSBO 
801 2 |a RU  |b 63413507  |c 20200528  |g PSBO 
900 |a Методы научного познания 
942 |c BK